000 00396nam a22001337a 4500
999 _c31934
_d31934
008 250731b ||||| |||| 00| 0 eng d
041 0 _aeng
082 0 0 _a530
_bA11199
245 1 0 _aJEE Mains & Advanced Physics Target-4 (XI) /
_cAakash Educational Services Limited
260 _aIndia :
_bAakash Educational Services Limited [AESL],
_c2023.
300 _a143 p.
650 0 _aPhysics
942 _cBK